Spell the Marvel Character #20 - Statistics

General Stats
  • This quiz has been taken 45 times
  • The average score is 4 of 6
Answer Stats
Picture Answer % Correct
Angel
94%
Rogue
91%
Adam Warlock
69%
Ka-Zar
57%
Kaine
54%
Zabu
54%
No matching quizzes found
Score Distribution
Percent of People with Each Score
Percentile by Number Answered
Your Score History
You have not taken this quiz